|
|
|
|
| LEADER |
01050naa a2200217 i 4500 |
| 001 |
acta82935 |
| 005 |
20240110130212.0 |
| 008 |
240110s2018 hu o 1|| hun d |
| 040 |
|
|
|a SZTE Egyetemi Kiadványok Repozitórium
|b hun
|
| 041 |
|
|
|a hun
|
| 100 |
1 |
|
|a Pólin Lénárd
|
| 245 |
1 |
0 |
|a Kárpátalja és Szabolcs-Szatmár-Bereg Megye periférikus helyzetű vidéki településeinek határon átnyúló kapcsolatai és perspektívái
|h [elektronikus dokumentum] :
|b [absztrakt] /
|c Pólin Lénárd
|
| 260 |
|
|
|c 2018
|
| 300 |
|
|
|a 34
|
| 490 |
0 |
|
|a Móra Kárpát-medencei Interdiszciplináris Szakkollégiumi Konferencia
|v 2
|
| 650 |
|
4 |
|a Társadalomtudományok
|
| 650 |
|
4 |
|a Politikatudomány
|
| 650 |
|
4 |
|a Társadalom- és gazdaságföldrajz
|
| 695 |
|
|
|a Együttműködés - határmenti - Magyarország-Kárpátalja -előadáskivonat
|
| 711 |
|
|
|a II. Móra Interdiszciplináris Kárpát-medencei Szakkollégiumi Konferencia
|c Szeged
|d 2018. november 30.-december 2.
|
| 856 |
4 |
0 |
|u http://acta.bibl.u-szeged.hu/82935/1/morakonf_2018_034.pdf
|z Dokumentum-elérés
|